=LDR 00000nam 2200000 4500 =001 NUTBA000000000003414 =005 20180409105021 =035 ##$$a 0010-081400000000259 =008 180409###########################0#ind## =020 ##$$a 979-460-474-7 =082 ##$$a 330.07 =090 ##$$a 330.07-Rah-e =100 ##$$a Prathama Rahardja, SE =245 1#$$a Ekonomi 2 Kelas 2 SMU /$c Prathama Rahardja =250 ##$$a Ketiga =260 ##$$a Jakarta :$b Intan Pariwara,$c 2000 =300 ##$$a i,164 hlm : $b ilus ; $c 25 cm =084 ##$$a 330.07 PRA e =650 ##$$a ekonomi - pendidikan =990 ##$$a 0001/BPAP-NTB/20142014 =990 ##$$a 70147014 =990 ##$$a 172.775 pro.2002 =990 ##$$a 0001/BPAP-NTB/20142014